000 01830cam a2200289 4500
008 031013n1999 000 0 eng u
020 _a0860225240
035 _a(Sirsi) u123906
041 _aeng
050 _a692.2
_c18
110 _aBuilding Services Research Information Association
_91730
245 _aEnvironmental code of practice for buildings and their services
250 _a2nd ed
260 _aBracknell
_bBSRIA
_c1999
300 _aviii, 131p.
_c30cm
350 _a50
490 _aRICS Code of Practice
_vCOP 6/99
520 _aRevised edition of the environmental code of practice which is the result of feedback on the first edition. The scope of the code has been broadened to consider the whole design and construction process in more detail. Also now aimed at all professional disciplines, not just those involved in determing the type and level of a building's services. New recommendations have been added to provide more guidance on issues not directly related to building services. Individual recommendations have been revised or new recommendations added to reflect changes in legislation, guidance available and progress in understanding the concept of a sustainable building. The code of practice is aimed at clients, designers, quantity surveyors, contractors, manufacturers and suppliers, owners, occupiers and facilities managers.
520 _aThe Rules of thumb, included in the orginal code of practice, are now available as a separate publication, Rules of thumb": guidelines for building services" (ISBN 0860226263).
650 _aBlock management
_96220
650 _aSUSTAINABLE BUILDINGS
650 _aENVIRONMENTAL CODE OF PRACTICE
650 _aENVIRONMENTAL POLICY
650 _aBUILT ENVIRONMENT-CONSTRUCTION DESIGN
690 _aBlock management
_96220
942 _n0
999 _c103119
_d103119